LEADER 01346nam a2200277 i 4500 001 000000253342 003 CaOOAMICUS 005 20170320000000.0 008 170320s2016 be u000 u eng u 013 $a232247 020 $a978-90-429-3383-5 040 $aSeMil$bita 245 10$aCatholic approaches in practical theology :$binternational and interdisciplinary perspectives /$cedited by Claire E. Wolfteich, Annemie Dillen. 260 $aLeuven [etc.] :$bPeeters,$c2016. 300 $aX, 290 p. ;$c25 cm. 490 0 $aBibliotheca Ephemeridum Theologicarum Lovaniensium ;$v286. 650 4$aTeologia pratica - Atti di congressi.$0(OLS)http://semarc/subject/744 700 1 $aDillen, Annemie.$0(OLS)http://semarc/name/69591 700 1 $aWolfteich, Claire E.$0(OLS)http://semarc/name/94145 830 0$aBibliotheca Ephemeridum Theologicarum Lovaniensium ;$v286.$0(OLS)http://semarc/title/108 850 $aSeMil 852 $aSeMil$W1$xVenegono$y1$m2IA A 286$j203688$B203688$CSeMilBibl$Z2$F217064 $81 961 $aSottoscrizione: Peeters 996 $6020$a978-90-429-3383-5$9(OLS)http://semarc/number/276020 996 $6245$aCatholic approaches in practical theology :$binternational and interdisciplinary perspectives$9(OLS)http://semarc/title/410512 996 $6260$aLeuven [etc.] :$bPeeters$9(OLS)http://semarc/publisher/32081 LEADER 01016nam a2200253 i 4500 001 000000086811 003 CaOOAMICUS 005 20220706095857.0 008 180830s1983 xx u000 u und u 013 $a59051 020 $a88-06-00389-5 040 $aSeMil$bita 100 1 $aAuerbach, Erich,$d<1892-1957>.$0(OLS)http://semarc/name/18944 245 10$a1 /$cErich Auerbach ; con un saggio di Alberto Roncaglia. 264 1$aTorino :$bEinaudi,$c1983. 300 $aXXXIX, 284 p. ;$c18 cm. 700 1 $aRoncaglia, Alberto.$0(OLS)http://semarc/name/116137 773 0 $aAuerbach, Erich <1892-1957>$tMimesis.$dTorino : Einaudi, 1983.$kPiccola biblioteca Einaudi$w()333615 850 $aSeMil 852 $aSeMil$W1$xVenegono$y1$m1W II 364/1$j235098$B50441$CSeMilBibl$Z2$F54410 $81 996 $6020$a88-06-00389-5$9(OLS)http://semarc/number/66979 996 $6245$a1$9(OLS)http://semarc/title/46247 996 $6264$aTorino :$bEinaudi$9(OLS)http://semarc/publisher/29884